| 000 | 00387nam a22001457a 4500 | ||
|---|---|---|---|
| 999 |
_c529525 _d529525 |
||
| 003 | NUST | ||
| 020 |
_a9780470395219 _qP/B. |
||
| 038 | _awaseem | ||
| 082 |
_a332.63221 _bPIN |
||
| 245 |
_aCFA Institute Investment Series : _bEquity Asset Valuation Workbook / |
||
| 260 |
_aCanada : _bJohn Wiley & sons, _c2010. |
||
| 300 | _a117 p. ; | ||
| 710 |
_aCFA Institute _921757 |
||
| 942 |
_2ddc _cBK |
||